<?xml version="1.0" encoding="UTF-8"?>
<marc:record xmlns:marc="http://www.loc.gov/MARC21/slim">
   <marc:leader>00000nam a2200000 a 4500</marc:leader>
   <marc:datafield ind1="1" ind2=" " tag="100">
      <marc:subfield code="a">Lego</marc:subfield>
      <marc:subfield code="4">aut</marc:subfield>
      <marc:subfield code="e">Verfasser/-in</marc:subfield>
   </marc:datafield>
   <marc:datafield ind1="0" ind2="0" tag="245">
      <marc:subfield code="a">Lego Nexo Knights</marc:subfield>
   </marc:datafield>
   <marc:datafield ind1=" " ind2="1" tag="264">
      <marc:subfield code="a">München</marc:subfield>
      <marc:subfield code="b">universum Film</marc:subfield>
      <marc:subfield code="c">2017</marc:subfield>
   </marc:datafield>
   <marc:datafield ind1="1" ind2=" " tag="490">
      <marc:subfield code="a">Lego Nexo Knights</marc:subfield>
      <marc:subfield code="v">4.3</marc:subfield>
   </marc:datafield>
   <marc:datafield ind1="1" ind2=" " tag="520">
      <marc:subfield code="a">Clay wird immer verbissener im Kampf gegen Jestro und Monstrox und erschreckt damit sogar die anderen Ritter. Trotz aller Bemühungen können die Nexo Knights es nicht verhindern, dass Jestro und Monstrox die letzte verbotene Kraft "Spur der Verwüstung" finden und den Steinkoloss erwecken. Wie sollen die Ritter ein Monster aufhallten, das so groß wie ein ganzer Berg ist? Schaffen sie es mit einem Geheimnis aus Clays Vergangenheit und Robins Geheimnprojekt dem bösen Monstrox und seinen Schergen doch noch endgültig Einhalt zu gebieten?</marc:subfield>
   </marc:datafield>
   <marc:datafield ind1=" " ind2=" " tag="020">
      <marc:subfield code="a">889854693398</marc:subfield>
      <marc:subfield code="9">889854693398</marc:subfield>
   </marc:datafield>
   <marc:datafield ind1=" " ind2=" " tag="500">
      <marc:subfield code="a">Sprachen: Deutsch, Englisch</marc:subfield>
   </marc:datafield>
   <marc:datafield ind1="0" ind2=" " tag="490">
      <marc:subfield code="v">0</marc:subfield>
   </marc:datafield>
   <marc:datafield ind1=" " ind2=" " tag="300">
      <marc:subfield code="a">88 min</marc:subfield>
   </marc:datafield>
</marc:record>
